Constructive Analysis
Αποθηκεύτηκε σε:
| Κύριος συγγραφέας: | |
|---|---|
| Άλλοι συγγραφείς: | |
| Μορφή: | Βιβλίο |
| Γλώσσα: | English |
| Δημοσίευση: |
Berlin :
Springer-Verlag,
1985
|
| Σειρά: | Grundlehren der mathematischen wissenschaften ;
; 279 |
| Θέματα: | |
| Ετικέτες: |
Προσθήκη ετικέτας
Δεν υπάρχουν, Καταχωρήστε ετικέτα πρώτοι!
|
MARC
| LEADER | 00000nam a2200000 i 4500 | ||
|---|---|---|---|
| 001 | 1/28105 | ||
| 008 | 960524s1985 eng d | ||
| 020 | |a 3-540-15066-8 | ||
| 035 | |a 1995 |l 10037992 | ||
| 040 | |a GR-MY-UA |b gre |e aacr | ||
| 041 | 0 | |a eng | |
| 082 | 0 | |a 515. | |
| 100 | 1 | |a Bishop, Errett |d 1928-1983. | |
| 245 | 1 | 0 | |a Constructive Analysis / |c Erret Bishop, Douglas Bridges |
| 260 | |a Berlin : |b Springer-Verlag, |c 1985 | ||
| 300 | |a 477 p.; |c 24 cm. | ||
| 490 | 1 | |a Grundlehren der mathematischen Wissenschaften |v ; 279 | |
| 500 | |a Includes bibliographical references and index | ||
| 650 | 0 | 0 | |a Mathematical analysis |x Foundations. |
| 700 | 1 | |a Bridges, D. S. |q (Douglas S.) |d 1945- | |
| 830 | 0 | |a Grundlehren der mathematischen wissenschaften ; |v ; 279 | |
| 852 | |a INST |b SAMOS |e 19960524 |h 515 BIS |p 005300005093 |q 005300005093 |t BK |y 0 | ||
| 909 | |a Σ |b 039278 | ||